00501nam a2200145 4500008004100000020001500041050002100056100002800077245008300105260004700188300004700235600001800282600003800300650001700338150728b xxu||||| |||| 00| 0 eng d a0671663984 aBF637.S8C68 1989 aCovey, Stephen R.d1989 aThe seven habits of highly effective people : brestoring the character ethic/ aNew York : bSimon and Schuster, c©1989. a360 p. : ill. ; bIncludes indexes.c25 cm aAchievement.  aSuccess -- Psychological aspects. a Character.